=LDR 00000nam 2200000 4500 =001 INLIS000000000039699 =005 20130612145318 =008 ***********************************ind** =035 ##$$0010-061300000039699 =041 ##$$a ind =082 ##$$a F.Rom. K =090 ##$$a F.Rom. K, Web B =100 ##$$a Webster, Christy =245 ##$$a Barbie Mariposa, Charisty Webster =650 ##$$a Fiksi Kanak-kanak =850 ##$$a NBPNMAT